Blink 182 "All The Small Things" Lyrics - Statistics

General Stats
  • This quiz has been taken 1,136 times
  • The average score is 116 of 145
Answer Stats
Answer % Correct
The
100%
All
99%
Small
99%
Things
99%
I
97%
Me
93%
Care
91%
Go
90%
Know
89%
Not
89%
So
89%
Will
89%
Be
87%
Carry
87%
Home
87%
On
87%
Turn
87%
Lights
86%
Say
86%
It
85%
Off
85%
Ain't
83%
My
83%
Show
81%
Truth
81%
Your
81%
At
80%
You'll
77%
I'll
76%
She
76%
Brings
74%
Waiting
74%
Left
73%
One
73%
Watching
73%
By
72%
Take
72%
Roses
71%
Always
70%
Stairs
70%
Let
69%
Cares
68%
True
68%
Night
66%
Best
60%
Commiserating
60%
Sucks
59%
Surprises
58%
Work
58%
Trip
57%
Come
56%
Late
50%
Thrill
47%
Still
46%
Keep
45%
Head
44%
Little
44%
Lift
43%
Ride
41%
Windmill
40%
No matching quizzes found
Score Distribution
Percent of People with Each Score
Percentile by Number Answered
Your Score History
You have not taken this quiz